000 00450nam a2200181Ia 4500
008 090124s9999 xx 000 0 und d
082 _b9531
_a1195
100 _aसाटम दत्ता
245 _a इभ्रत
250 _a1
260 _c1957
300 _a71
600 _aसाटम दत्ता
630 _a इभ्रत
700 _aसाटम दत्ता
730 _a इभ्रत
942 _cBOOK
999 _c123584
_d123584